[Event "MP Reykjavik Open 2011"]
[Site "Reykjavik ISL"]
[Date "2011.03.13"]
[Round "6.69"]
[White "Schwenke, Markus"]
[Black "Ingason, Sigurdur"]
[Result "1-0"]
[WhiteElo "2098"]
[BlackElo "1918"]
[PlyCount "89"]
[EventDate "2011.03.09"]
[EventType "swiss"]
[EventRounds "9"]
[EventCountry "ISL"]
[Source "lmi"]
[SourceDate "2011.03.09"]

1. Nf3 d5 2. c4 c6 3. d4 Nf6 4. Nc3 a6 5. e3 b5 6. cxd5 cxd5 7. Bd3 Bb7 8. Bd2
e6 9. Rc1 Bd6 10. O-O Nbd7 11. a4 b4 12. Ne2 O-O 13. Kh1 a5 14. h3 Ne4 15. Be1
f5 16. Nd2 Kh8 17. f3 Nxd2 18. Qxd2 Nb6 19. b3 Rc8 20. Bf2 Rf7 21. Rxc8 Qxc8
22. Rc1 Rc7 23. Rxc7 Qxc7 24. g4 fxg4 25. hxg4 Qf7 26. Kg2 h5 27. g5 e5 28.
dxe5 Bxe5 29. Nd4 Qe7 30. f4 Bxd4 31. exd4 Qd7 32. Qe2 Qg4+ 33. Qxg4 hxg4 34.
Kg3 Nc8 35. Kxg4 Nd6 36. g6 Ne4 37. Bh4 Nd2 38. Bc2 Bc6 39. Bd8 Bxa4 40. bxa4
b3 41. Bxa5 Nc4 42. Bxb3 Nxa5 43. Bxd5 Nb3 44. Bb7 Nxd4 45. a5 1-0

[Event "MP Reykjavik Open 2011"]
[Site "Reykjavik ISL"]
[Date "2011.03.13"]
[Round "6.70"]
[White "Karlsson, Mikael Johann"]
[Black "Magnusson, Magnus"]
[Result "0-1"]
[WhiteElo "1835"]
[BlackElo "2026"]
[PlyCount "52"]
[EventDate "2011.03.09"]
[EventType "swiss"]
[EventRounds "9"]
[EventCountry "ISL"]
[Source "lmi"]
[SourceDate "2011.03.09"]

1. c4 e5 2. g3 Nc6 3. Bg2 g6 4. Nc3 Bg7 5. Nf3 d6 6. Rb1 Be6 7. d3 h6 8. Bd2
Qd7 9. h4 Nf6 10. Qa4 O-O 11. O-O Nh5 12. Kh2 f5 13. b4 f4 14. Ne4 Qe7 15. b5
Nd4 16. Nxd4 exd4 17. Rbe1 Be5 18. Kg1 fxg3 19. fxg3 Nxg3 20. Nxg3 Bxg3 21.
Rxf8+ Rxf8 22. Rf1 Rxf1+ 23. Kxf1 Qf6+ 24. Bf3 Qxh4 25. Qxa7 Bh3+ 26. Bg2 Qf6+
0-1

[Event "MP Reykjavik Open 2011"]
[Site "Reykjavik ISL"]
[Date "2011.03.13"]
[Round "6.71"]
[White "Andersen, Daniel"]
[Black "Jonsson, Olafur Gisli"]
[Result "1/2-1/2"]
[WhiteElo "1983"]
[BlackElo "1842"]
[PlyCount "110"]
[EventDate "2011.03.09"]
[EventType "swiss"]
[EventRounds "9"]
[EventCountry "ISL"]
[Source "lmi"]
[SourceDate "2011.03.09"]

1. c4 e5 2. Nc3 Nf6 3. Nf3 Nc6 4. g3 Bc5 5. Bg2 d6 6. d3 a6 7. O-O O-O 8. Bg5
h6 9. Bh4 Nd4 10. Bxf6 Nxf3+ 11. Bxf3 Qxf6 12. Na4 Qe7 13. Nxc5 dxc5 14. Qd2
Rb8 15. a3 b6 16. b4 Bb7 17. Bxb7 Rxb7 18. bxc5 Qxc5 19. Qb4 Qc6 20. Rab1 Rbb8
21. a4 Rfd8 22. Rfd1 Rd4 23. e3 Rdd8 24. Rbc1 a5 25. Qb5 Qf6 26. c5 Rd5 27. e4
Rd4 28. cxb6 cxb6 29. Rc6 Qf3 30. Rf1 Rxd3 31. Qxe5 Rbd8 32. Rxb6 Rd1 33. Rb8
Rxf1+ 34. Kxf1 Qh1+ 35. Ke2 Qd1+ 36. Ke3 Qd3+ 37. Kf4 Qd2+ 38. Kf3 Rxb8 39.
Qxb8+ Kh7 40. Qb5 Qc3+ 41. Kg4 g6 42. f4 h5+ 43. Kh3 Qe1 44. Qe8 Kg7 45. Qe5+
Kh7 46. f5 g5 47. Kg2 Qe2+ 48. Kg1 Qd1+ 49. Kf2 Qxa4 50. Qf6 Qc2+ 51. Kf3 Qd1+
52. Kf2 Qc2+ 53. Ke3 Qc1+ 54. Ke2 Qc2+ 55. Ke3 Qc1+ 1/2-1/2

[Event "MP Reykjavik Open 2011"]
[Site "Reykjavik ISL"]
[Date "2011.03.13"]
[Round "6.72"]
[White "Helgadottir, Sigridur Bjorg"]
[Black "Calder, Dennis"]
[Result "0-1"]
[WhiteElo "1712"]
[BlackElo "1949"]
[PlyCount "145"]
[EventDate "2011.03.09"]
[EventType "swiss"]
[EventRounds "9"]
[EventCountry "ISL"]
[Source "lmi"]
[SourceDate "2011.03.09"]

1. c4 Nf6 2. Nc3 c6 3. d4 d5 4. e3 e6 5. Nf3 Nbd7 6. Bd3 dxc4 7. Bxc4 b5 8. Bb3
a6 9. O-O Bb7 10. Re1 b4 11. Ne2 c5 12. Nf4 Qb6 13. Ng5 Be7 14. Nxf7 Kxf7 15.
Nxe6 Bd5 16. Ng5+ Ke8 17. Bxd5 Nxd5 18. Qf3 Bxg5 19. Qxd5 Qd8 20. Bd2 Be7 21.
dxc5 Nxc5 22. Qxd8+ Rxd8 23. Bxb4 Nd3 24. Bxe7 Kxe7 25. Re2 Rd6 26. Rd2 Rhd8
27. Kf1 Nb4 28. Rxd6 Rxd6 29. Ke2 Rc6 30. Rd1 Nxa2 31. Rd2 Nb4 32. f4 a5 33. e4
Rc2 34. g4 Rc1 35. g5 Rh1 36. Ke3 Re1+ 37. Re2 Nc2+ 38. Kd2 Rxe2+ 39. Kxe2 Ke6
40. Kd3 Nb4+ 41. Kd4 g6 42. h4 Nc2+ 43. Kc4 Ne3+ 44. Kb5 Nd1 45. b3 Nc3+ 46.
Kxa5 Nxe4 47. b4 Nd6 48. Kb6 Nf5 49. Kc6 Ne7+ 50. Kc5 Kd7 51. b5 Nc8 52. Kd5
Ke7 53. Ke5 Nd6 54. h5 gxh5 55. f5 Nxb5 56. g6 h6 57. f6+ Kf8 58. Ke6 Nc7+ 59.
Kd6 Ne8+ 60. Ke6 Nxf6 61. Kf5 Kg7 62. Kf4 Kxg6 63. Kf3 Kg5 64. Kg3 Ne4+ 65. Kh3
Nf6 66. Kg3 Nd5 67. Kh3 Nf4+ 68. Kg3 h4+ 69. Kh2 Kg4 70. Kh1 Kg3 71. Kg1 Nh3+
72. Kh1 Nf2+ 73. Kg1 0-1

[Event "MP Reykjavik Open 2011"]
[Site "Reykjavik ISL"]
[Date "2011.03.13"]
[Round "6.73"]
[White "Brynjarsson, Eirikur Orn"]
[Black "Frijling, Jeroen"]
[Result "1/2-1/2"]
[WhiteElo "1626"]
[BlackElo "1874"]
[PlyCount "100"]
[EventDate "2011.03.09"]
[EventType "swiss"]
[EventRounds "9"]
[EventCountry "ISL"]
[Source "lmi"]
[SourceDate "2011.03.09"]

1. e4 c5 2. Nf3 Nc6 3. d4 cxd4 4. Nxd4 e5 5. Nb3 Bb4+ 6. c3 Be7 7. Bc4 Nf6 8.
O-O O-O 9. Re1 d6 10. f4 Be6 11. Bd3 Qc7 12. f5 Bd7 13. c4 Rac8 14. a3 a6 15.
Be3 Na5 16. Nxa5 Qxa5 17. b4 Qc7 18. Nc3 b5 19. Nd5 Nxd5 20. cxd5 Qd8 21. Qd2
g6 22. Rf1 gxf5 23. exf5 Bf6 24. Bh6 e4 25. Bxf8 Bxa1 26. Rxa1 exd3 27. Bh6 Qf6
28. Rf1 Bxf5 29. Qxd3 Bxd3 30. Rxf6 Rd8 31. Bf4 Be4 32. Rxd6 Rxd6 33. Bxd6 Bxd5
34. Kf2 f5 35. g3 Kf7 36. Ke3 Ke6 37. Bf4 Bc4 38. Kd4 Bd5 39. Kc5 Bb7 40. h4
Kd7 41. h5 Bf3 42. Kb6 Bd1 43. h6 Bc2 44. Kxa6 Ba4 45. Kb6 Ke6 46. Kc6 Kf6 47.
Kd6 Bb3 48. Kc5 Ba4 49. Kd6 Bb3 50. Kd7 Ba4 1/2-1/2

[Event "MP Reykjavik Open 2011"]
[Site "Reykjavik ISL"]
[Date "2011.03.13"]
[Round "6.74"]
[White "Andrason, Pall"]
[Black "Duchrow, Oliver"]
[Result "0-1"]
[WhiteElo "1683"]
[BlackElo "2165"]
[PlyCount "107"]
[EventDate "2011.03.09"]
[EventType "swiss"]
[EventRounds "9"]
[EventCountry "ISL"]
[Source "lmi"]
[SourceDate "2011.03.09"]

1. d4 f5 2. c4 d6 3. Nc3 Nf6 4. g3 g6 5. Bg2 Bg7 6. e3 O-O 7. f4 c6 8. Nf3 Qc7
9. O-O Kh8 10. Rb1 Be6 11. b3 Bg8 12. Bb2 Nbd7 13. Qc2 e5 14. Rfe1 Rfe8 15. Na4
Ng4 16. h3 Ngf6 17. Rbd1 Ne4 18. Kh2 exf4 19. exf4 Ndf6 20. Nc3 Re7 21. Nxe4
fxe4 22. Ng1 d5 23. Ba3 Rd7 24. Bc1 Nh5 25. Ne2 Bh6 26. Be3 Ng7 27. Bxe4 dxe4
28. Qxe4 Re8 29. Qf3 Nf5 30. Bf2 Bg7 31. g4 Nxd4 32. Bxd4 Bxd4 33. Nxd4 Rxe1
34. Rxe1 Rxd4 35. Re5 Rd2+ 36. Kg3 Qd7 37. Re2 Rxe2 38. Qxe2 Qd4 39. Qe7 b5 40.
cxb5 cxb5 41. Qf8 Qc3+ 42. Kg2 a5 43. Kf2 Qd4+ 44. Kg3 Qc3+ 45. Kf2 Qg7 46. Qd8
b4 47. Kg3 h6 48. Qb6 Qc3+ 49. Kf2 Qd2+ 50. Kg1 Qxf4 51. Qxg6 a4 52. Qd3 Qc1+
53. Kg2 Qb2+ 54. Kg3 0-1

[Event "MP Reykjavik Open 2011"]
[Site "Reykjavik ISL"]
[Date "2011.03.13"]
[Round "6.75"]
[White "Kjartansson, Dagur"]
[Black "Van Dongen, Leo"]
[Result "0-1"]
[WhiteElo "1517"]
[BlackElo "1828"]
[PlyCount "78"]
[EventDate "2011.03.09"]
[EventType "swiss"]
[EventRounds "9"]
[EventCountry "ISL"]
[Source "lmi"]
[SourceDate "2011.03.09"]

1. c4 Nf6 2. Nc3 g6 3. g3 Bg7 4. Bg2 d6 5. Nf3 O-O 6. O-O Nc6 7. d4 e5 8. d5
Ne7 9. e4 c6 10. Bg5 h6 11. Be3 Ng4 12. Qd2 Nxe3 13. fxe3 Rb8 14. a4 a6 15.
Rad1 c5 16. Rf2 Bd7 17. b3 Kh7 18. Rdf1 Be8 19. g4 Ng8 20. h4 Qe7 21. Ne2 Bd7
22. Bh3 Nf6 23. Nh2 Nxe4 24. Qc2 Nxf2 25. Rxf2 Qxh4 26. Bg2 Kg8 27. Ng3 Rbe8
28. e4 Qe7 29. Nhf1 b5 30. Ne3 bxa4 31. bxa4 Rb8 32. Kh2 Rb4 33. Qd2 Bxa4 34.
Nef5 gxf5 35. gxf5 f6 36. Nh5 Rbb8 37. Qa2 Bb3 38. Qxa6 Bxc4 39. Qc6 Bb5 0-1

[Event "MP Reykjavik Open 2011"]
[Site "Reykjavik ISL"]
[Date "2011.03.13"]
[Round "6.76"]
[White "Stefansson, Vignir Vatnar"]
[Black "Fridthjofsdottir, Sigurl  Regin"]
[Result "0-1"]
[WhiteElo "1501"]
[BlackElo "1808"]
[PlyCount "106"]
[EventDate "2011.03.09"]
[EventType "swiss"]
[EventRounds "9"]
[EventCountry "ISL"]
[Source "lmi"]
[SourceDate "2011.03.09"]

1. d4 d5 2. c4 dxc4 3. e4 Nf6 4. Nc3 e6 5. Bxc4 Be7 6. f4 O-O 7. Nf3 a6 8. Be3
b5 9. Bd3 Bb7 10. Qc2 h6 11. O-O Nbd7 12. Rad1 c5 13. dxc5 Bxc5 14. Bxc5 Nxc5
15. Bxb5 Qb6 16. Bc4 Ncxe4+ 17. Kh1 Nxc3 18. Qxc3 Rac8 19. Qb3 Qxb3 20. Bxb3
Rfd8 21. Ne5 Nd5 22. f5 Ne3 23. Rxd8+ Rxd8 24. Rf2 Bd5 25. h3 Bxb3 26. axb3
exf5 27. Nc4 Nxc4 28. bxc4 g6 29. b4 Rd1+ 30. Kh2 Rb1 31. Rc2 Rxb4 32. Kg3 Kf8
33. Kf3 Ke7 34. Ke3 a5 35. Kd2 Kd6 36. Kd3 Kc5 37. Ra2 a4 38. Rc2 Rb3+ 39. Kd2
a3 40. Kc1 Rb2 41. Rxb2 axb2+ 42. Kxb2 Kxc4 43. Kc2 Kd4 44. Kd2 Ke4 45. Ke2 f4
46. Kf2 f6 47. Ke2 g5 48. Kf2 f5 49. Ke2 g4 50. Kf2 h5 51. h4 Kd3 52. Ke1 Ke3
53. Kf1 f3 0-1

[Event "MP Reykjavik Open 2011"]
[Site "Reykjavik ISL"]
[Date "2011.03.13"]
[Round "6.77"]
[White "Hauksson, Hordur Aron"]
[Black "Hardarson, Jon Trausti"]
[Result "1-0"]
[WhiteElo "1719"]
[BlackElo "1639"]
[PlyCount "53"]
[EventDate "2011.03.09"]
[EventType "swiss"]
[EventRounds "9"]
[EventCountry "ISL"]
[Source "lmi"]
[SourceDate "2011.03.09"]

1. d4 Nf6 2. c4 g6 3. Nc3 Bg7 4. e4 d6 5. f3 O-O 6. Be3 c6 7. Nge2 a6 8. Ng3
Nbd7 9. Be2 Qa5 10. O-O c5 11. d5 Rb8 12. a4 Ne8 13. Qc2 Ne5 14. Bd2 Qd8 15. f4
Ng4 16. Bxg4 Bxg4 17. h3 Bd4+ 18. Kh1 e5 19. f5 Qh4 20. Kh2 Nf6 21. Qc1 Bxh3
22. gxh3 Ng4+ 23. Kg2 Nf2 24. Rxf2 Bxf2 25. Kxf2 Qxh3 26. Qh1 Qg4 27. Qf3 1-0

[Event "MP Reykjavik Open 2011"]
[Site "Reykjavik ISL"]
[Date "2011.03.13"]
[Round "6.78"]
[White "Kristinardottir, Elsa Maria"]
[Black "Ragnarsson, Dagur"]
[Result "1-0"]
[WhiteElo "1702"]
[BlackElo "1625"]
[PlyCount "55"]
[EventDate "2011.03.09"]
[EventType "swiss"]
[EventRounds "9"]
[EventCountry "ISL"]
[Source "lmi"]
[SourceDate "2011.03.09"]

1. e4 c6 2. d4 d5 3. Nc3 dxe4 4. Nxe4 Bf5 5. Ng3 Bg6 6. h4 h6 7. h5 Bh7 8. Nf3
Nf6 9. Bd3 Bxd3 10. Qxd3 e6 11. Bd2 Nbd7 12. O-O-O Bd6 13. Ne4 Nxe4 14. Qxe4
Nf6 15. Qe2 O-O 16. g4 Nh7 17. Rdg1 Qc7 18. g5 hxg5 19. Nxg5 Bf4 20. Nxh7 Bxd2+
21. Qxd2 Kxh7 22. Qg5 Rg8 23. Rg3 Qd8 24. Qg6+ Kh8 25. Qxf7 Qxd4 26. h6 g5 27.
Rd3 Qe4 28. Qf6+ 1-0

[Event "MP Reykjavik Open 2011"]
[Site "Reykjavik ISL"]
[Date "2011.03.13"]
[Round "6.79"]
[White "Gates, David A"]
[Black "Johannesson, Kristofer Joel"]
[Result "1-0"]
[WhiteElo "1698"]
[BlackElo "1437"]
[PlyCount "53"]
[EventDate "2011.03.09"]
[EventType "swiss"]
[EventRounds "9"]
[EventCountry "ISL"]
[Source "lmi"]
[SourceDate "2011.03.09"]

1. e4 e5 2. Nf3 Nc6 3. Bb5 a6 4. Ba4 b5 5. Bb3 Bc5 6. c3 Nf6 7. Bc2 O-O 8. d4
exd4 9. cxd4 Bb4+ 10. Nc3 d6 11. h3 Re8 12. Bg5 h6 13. Bxf6 Qxf6 14. O-O Bb7
15. Nd5 Qd8 16. Qd3 g6 17. Bb3 Ba5 18. Qe3 Kg7 19. Qf4 g5 20. Qg4 Nb4 21. Ne3
Bxe4 22. Nh4 Qf6 23. Nhf5+ Kg6 24. Ng3 Kh7 25. Nxe4 Qg6 26. Ng3 Nd3 27. Bc2 1-0

[Event "MP Reykjavik Open 2011"]
[Site "Reykjavik ISL"]
[Date "2011.03.13"]
[Round "6.81"]
[White "Sigurdsson, Birkir Karl"]
[Black "Leosson, Atli Johann"]
[Result "1-0"]
[WhiteElo "1481"]
[BlackElo "1685"]
[PlyCount "67"]
[EventDate "2011.03.09"]
[EventType "swiss"]
[EventRounds "9"]
[EventCountry "ISL"]
[Source "lmi"]
[SourceDate "2011.03.09"]

1. d4 d5 2. c4 c6 3. Nc3 Nf6 4. e3 g6 5. cxd5 Nxd5 6. Nge2 Bg7 7. Ng3 Nxc3 8.
bxc3 Nd7 9. Bc4 b5 10. Bb3 a5 11. Qf3 O-O 12. Qxc6 Rb8 13. Qf3 Bb7 14. e4 a4
15. Bc2 f5 16. Qe2 f4 17. Nf1 Qc7 18. Qd2 Rbc8 19. Bb2 b4 20. c4 a3 21. Bc1 Qb6
22. Rb1 Qxd4 23. Qxd4 Bxd4 24. Bxa3 Bc3+ 25. Nd2 Bxe4 26. Bxe4 Bxd2+ 27. Kxd2
bxa3 28. Bd5+ Kg7 29. Rhe1 Rfe8 30. Rb7 Rcd8 31. Ra7 Nb6 32. Rexe7+ Rxe7 33.
Rxe7+ Kf6 34. Re6+ 1-0

[Event "MP Reykjavik Open 2011"]
[Site "Reykjavik ISL"]
[Date "2011.03.14"]
[Round "7.2"]
[White "Halkias, Stelios"]
[Black "Williams, Simon K"]
[Result "1/2-1/2"]
[WhiteElo "2579"]
[BlackElo "2507"]
[PlyCount "232"]
[EventDate "2011.03.09"]
[EventType "swiss"]
[EventRounds "9"]
[EventCountry "ISL"]
[Source "lmi"]
[SourceDate "2011.03.09"]

1. d4 Nf6 2. Nf3 g6 3. Bg5 Bg7 4. Nbd2 d5 5. e3 O-O 6. Bd3 c5 7. c3 b6 8. O-O
Bb7 9. Ne5 Nfd7 10. Nxd7 Qxd7 11. Nf3 Nc6 12. Bf4 Rfe8 13. Bb5 a6 14. Ne5 Qe6
15. Bxc6 Bxc6 16. a4 a5 17. Bg3 Bb7 18. Re1 f6 19. Nf3 Qc6 20. Nd2 Kh8 21. Qb3
Rac8 22. Qb5 Qxb5 23. axb5 cxd4 24. exd4 e5 25. Nf3 e4 26. Nd2 f5 27. f4 Kg8
28. Nf1 Kf7 29. Ne3 Ke6 30. Bf2 Rc7 31. Red1 Bc8 32. Rac1 Bd7 33. c4 dxc4 34.
Nxc4 Bxb5 35. d5+ Kd7 36. Nxb6+ Kd6 37. Be3 a4 38. Rxc7 Kxc7 39. Rc1+ Kb7 40.
d6 Bc6 41. Nxa4 Bxa4 42. Rc7+ Ka6 43. Rxg7 Rd8 44. Bc5 Rd7 45. Re7 Rxe7 46.
dxe7 Be8 47. Kf2 Kb5 48. Bd4 Kc4 49. Ke3 Bc6 50. Bf6 h5 51. Be5 Kd5 52. Bc3 Kc4
53. Be1 Bb5 54. Bh4 Be8 55. h3 Kd5 56. b3 Bb5 57. Bg5 Be8 58. Bf6 Ke6 59. Bh4
Kd5 60. Be1 Bb5 61. Bf2 Bc6 62. Kd2 Ke6 63. Bh4 Kd5 64. Kc3 Kc5 65. Bf6 Be8 66.
Bg5 Bb5 67. Kd2 Kd5 68. Ke3 Be8 69. Bh4 Bb5 70. Be1 Be8 71. Bc3 Bb5 72. Kf2 Ke6
73. Bb4 Bc6 74. Bc5 Kd5 75. Bb6 Kd6 76. Bd8 Kd5 77. Ba5 Kd6 78. Bb4+ Ke6 79.
Ke2 Kd5 80. Kd2 Kd4 81. Bc3+ Kc5 82. Bb2 Bb5 83. Ba3+ Kd4 84. Bb2+ Kc5 85. Bc3
Kd6 86. Bb4+ Kd5 87. Ke3 Bc6 88. Be1 Bb5 89. Kd2 Ke6 90. Bh4 Kd5 91. Kc3 e3 92.
Kb4 Bd7 93. Ka5 e2 94. b4 Kd6 95. b5 e1=B+ 96. Bxe1 Kxe7 97. Ka6 Kd8 98. Kb6
Kc8 99. Bc3 Be6 100. Kc6 Bc4 101. b6 Ba6 102. Kd6 Bb7 103. g3 Bg2 104. h4 Kb7
105. Bd4 Bf3 106. Ke6 Bg4 107. Kf6 Kc6 108. Kxg6 Kb7 109. Kf6 Kc6 110. Ke5 Kb7
111. Kd6 Bf3 112. Kc5 Bg4 113. Be5 Bf3 114. Bg7 Bg4 115. Kd6 Bf3 116. Ke6 Bg4
1/2-1/2

[Event "MP Reykjavik Open 2011"]
[Site "Reykjavik ISL"]
[Date "2011.03.14"]
[Round "7.3"]
[White "Hammer, Jon Ludvig"]
[Black "Hess, Robert L"]
[Result "1-0"]
[WhiteElo "2606"]
[BlackElo "2565"]
[PlyCount "63"]
[EventDate "2011.03.09"]
[EventType "swiss"]
[EventRounds "9"]
[EventCountry "ISL"]
[Source "lmi"]
[SourceDate "2011.03.09"]

1. d4 Nf6 2. c4 e6 3. Nc3 Bb4 4. e3 c5 5. Bd3 O-O 6. Nf3 d5 7. O-O Nc6 8. a3
Ba5 9. cxd5 exd5 10. dxc5 Bxc3 11. bxc3 Bg4 12. c4 Ne5 13. cxd5 Bxf3 14. gxf3
Qxd5 15. Be2 Qxc5 16. Bb2 Rfd8 17. Bd4 Qe7 18. Qc1 Nc6 19. Bb2 Rac8 20. Qe1 Nd7
21. Kh1 Nce5 22. Rg1 Nc5 23. Qb4 f6 24. Rg2 Rc7 25. Rag1 Qf8 26. Qh4 Kh8 27. f4
Nc6 28. Bc4 Rd6 29. Rg3 Ne6 30. Bxf6 Ncd4 31. exd4 Rxc4 32. Rxg7 1-0

[Event "MP Reykjavik Open 2011"]
[Site "Reykjavik ISL"]
[Date "2011.03.14"]
[Round "7.4"]
[White "Miroshnichenko, Evgenij"]
[Black "Jones, Gawain C B"]
[Result "1/2-1/2"]
[WhiteElo "2670"]
[BlackElo "2578"]
[PlyCount "56"]
[EventDate "2011.03.09"]
[EventType "swiss"]
[EventRounds "9"]
[EventCountry "ISL"]
[Source "lmi"]
[SourceDate "2011.03.09"]

1. d4 f5 2. Nc3 Nf6 3. Bg5 d5 4. Bxf6 exf6 5. e3 Be6 6. Bd3 Nc6 7. Nge2 Bd6 8.
Nb5 Nb4 9. Nxd6+ Qxd6 10. Bb5+ c6 11. Ba4 a5 12. c3 Na6 13. Bc2 g6 14. Nf4 Bf7
15. Qf3 Nc7 16. Qg3 Ke7 17. Qf3 Ne6 18. Nd3 h5 19. Qe2 Rhe8 20. O-O Kf8 21. Qd2
Kg7 22. b4 b6 23. Rfb1 Qc7 24. Rb2 a4 25. a3 b5 26. Rf1 Nd8 27. Rbb1 Nb7 28.
Rbe1 Re7 1/2-1/2

[Event "MP Reykjavik Open 2011"]
[Site "Reykjavik ISL"]
[Date "2011.03.14"]
[Round "7.5"]
[White "Nyzhnyk, Illya"]
[Black "Gustafsson, Jan"]
[Result "1-0"]
[WhiteElo "2563"]
[BlackElo "2647"]
[PlyCount "95"]
[EventDate "2011.03.09"]
[EventType "swiss"]
[EventRounds "9"]
[EventCountry "ISL"]
[Source "lmi"]
[SourceDate "2011.03.09"]

1. d4 d5 2. c4 c6 3. Nf3 Nf6 4. Nc3 e6 5. e3 Nbd7 6. Bd3 dxc4 7. Bxc4 b5 8. Bd3
Bb7 9. O-O a6 10. e4 c5 11. e5 cxd4 12. Nxb5 Bxf3 13. Qxf3 Nd5 14. Nxd4 Nxe5
15. Qg3 Nxd3 16. Qxd3 Bc5 17. Qc4 Qd6 18. Nb3 Bb6 19. Qa4+ Qd7 20. Qa3 Qe7 21.
Qa4+ Qd7 22. Qa3 a5 23. Bd2 a4 24. Rac1 Qe7 25. Nc5 O-O 26. Rc4 Bxc5 27. Rxc5
Rfb8 28. Rfc1 h6 29. h3 Qf6 30. R1c2 Qg6 31. R2c4 Kh7 32. Bc1 Qb1 33. Kh2 Qf5
34. f4 g5 35. fxg5 hxg5 36. Qg3 Rg8 37. Rg4 f6 38. h4 Qe5 39. Qxe5 fxe5 40.
Bxg5 a3 41. Rc2 Rgc8 42. Re2 axb2 43. Rxb2 Nc3 44. Rb7+ Kg6 45. Kh3 Nd1 46. h5+
Kxh5 47. Be3 Rh8 48. Rbg7 1-0

[Event "MP Reykjavik Open 2011"]
[Site "Reykjavik ISL"]
[Date "2011.03.14"]
[Round "7.6"]
[White "Friedel, Joshua E"]
[Black "Sokolov, Ivan"]
[Result "0-1"]
[WhiteElo "2529"]
[BlackElo "2643"]
[PlyCount "76"]
[EventDate "2011.03.09"]
[EventType "swiss"]
[EventRounds "9"]
[EventCountry "ISL"]
[Source "lmi"]
[SourceDate "2011.03.09"]

1. e4 e5 2. Nf3 Nc6 3. Bb5 a6 4. Ba4 Nge7 5. O-O g6 6. c3 b5 7. Bb3 Bg7 8. d4
exd4 9. cxd4 d6 10. h3 O-O 11. Nc3 Bb7 12. Re1 Na5 13. d5 Rc8 14. Bf4 Re8 15.
Qd2 Qd7 16. Bh6 Bh8 17. Qf4 Nxb3 18. axb3 b4 19. Na4 Rb8 20. Rad1 Nc8 21. e5
Na7 22. Re3 Nb5 23. h4 Qf5 24. Qxf5 gxf5 25. Nd4 Bxe5 26. Nxf5 Bc8 27. Ng7 Bg4
28. Nxe8 Bxd1 29. Rxe5 dxe5 30. Nf6+ Kh8 31. Nc5 Rd8 32. h5 Nd4 33. f3 Bxb3 34.
Ncd7 Bxd5 35. Bf8 Be6 36. h6 Nf5 37. g4 Bxd7 38. g5 Rxf8 0-1

[Event "MP Reykjavik Open 2011"]
[Site "Reykjavik ISL"]
[Date "2011.03.14"]
[Round "7.7"]
[White "Kveinys, Aloyzas"]
[Black "Hansen, Sune Berg"]
[Result "1/2-1/2"]
[WhiteElo "2506"]
[BlackElo "2603"]
[PlyCount "50"]
[EventDate "2011.03.09"]
[EventType "swiss"]
[EventRounds "9"]
[EventCountry "ISL"]
[Source "lmi"]
[SourceDate "2011.03.09"]

1. d4 d5 2. Nf3 Nf6 3. c4 c6 4. e3 Bg4 5. h3 Bh5 6. Nc3 e6 7. g4 Bg6 8. Ne5
Nbd7 9. Nxg6 hxg6 10. Bd2 Bb4 11. Qb3 a5 12. f3 dxc4 13. Bxc4 Nd5 14. O-O-O a4
15. Qc2 a3 16. Kb1 Qa5 17. Bb3 axb2 18. Nxd5 cxd5 19. h4 Ke7 20. Bxb4+ Qxb4 21.
Qxb2 Nb6 22. Rc1 Rhc8 23. h5 g5 24. Rhd1 Kd7 25. Rc5 Na4 1/2-1/2

[Event "MP Reykjavik Open 2011"]
[Site "Reykjavik ISL"]
[Date "2011.03.14"]
[Round "7.8"]
[White "Chatalbashev, Boris"]
[Black "Danielsen, Henrik"]
[Result "1-0"]
[WhiteElo "2602"]
[BlackElo "2533"]
[PlyCount "47"]
[EventDate "2011.03.09"]
[EventType "swiss"]
[EventRounds "9"]
[EventCountry "ISL"]
[Source "lmi"]
[SourceDate "2011.03.09"]

1. d4 Nf6 2. c4 e6 3. Nf3 Bb4+ 4. Nbd2 b6 5. a3 Bxd2+ 6. Qxd2 Bb7 7. e3 d6 8.
Be2 Nbd7 9. O-O O-O 10. b4 Qe7 11. Bb2 Ne4 12. Qc2 f5 13. Rad1 a5 14. d5 e5 15.
Nd2 axb4 16. axb4 Nxd2 17. Rxd2 Ra2 18. Qb3 Rfa8 19. Bd3 b5 20. Bxf5 bxc4 21.
Qxc4 Nb6 22. Qb3 Bxd5 23. Rxd5 Qf7 24. Rd3 1-0

[Event "MP Reykjavik Open 2011"]
[Site "Reykjavik ISL"]
[Date "2011.03.14"]
[Round "7.10"]
[White "Miton, Kamil"]
[Black "D'amore, Carlo"]
[Result "1-0"]
[WhiteElo "2600"]
[BlackElo "2505"]
[PlyCount "59"]
[EventDate "2011.03.09"]
[EventType "swiss"]
[EventRounds "9"]
[EventCountry "ISL"]
[Source "lmi"]
[SourceDate "2011.03.09"]

1. d4 d5 2. Nf3 Nf6 3. c4 c6 4. Nc3 a6 5. c5 Nbd7 6. Bf4 Nh5 7. Bg5 h6 8. Bd2
Nhf6 9. Bf4 g5 10. Bg3 b6 11. cxb6 Qxb6 12. Rb1 Ne4 13. e3 Nxg3 14. hxg3 Bg7
15. Bd3 a5 16. O-O O-O 17. Na4 Qc7 18. Rc1 e6 19. Qc2 Bb7 20. Nd2 e5 21. Bh7+
Kh8 22. Bf5 Nb6 23. Nxb6 Qxb6 24. dxe5 Bxe5 25. Nf3 Bg7 26. Rfd1 a4 27. Nd4
Rae8 28. Nxc6 Bxc6 29. Qxc6 Qxb2 30. Qc7 1-0

[Event "MP Reykjavik Open 2011"]
[Site "Reykjavik ISL"]
[Date "2011.03.14"]
[Round "7.11"]
[White "Hillarp Persson, Tiger"]
[Black "Pelletier, Yannick"]
[Result "1/2-1/2"]
[WhiteElo "2524"]
[BlackElo "2593"]
[PlyCount "107"]
[EventDate "2011.03.09"]
[EventType "swiss"]
[EventRounds "9"]
[EventCountry "ISL"]
[Source "lmi"]
[SourceDate "2011.03.09"]

1. e4 e6 2. d4 d5 3. Nd2 dxe4 4. Nxe4 Nd7 5. Nf3 Ngf6 6. Bd3 c5 7. O-O Nxe4 8.
Bxe4 Nf6 9. Bg5 cxd4 10. Nxd4 Be7 11. Bf3 O-O 12. Qd3 Qc7 13. Rfe1 Rd8 14. Rad1
a6 15. Qe3 h6 16. Bf4 Bd6 17. Bxd6 Rxd6 18. Rd3 Bd7 19. Qe5 Ne8 20. Red1 Rd8
21. h4 Bc8 22. Be2 R6d7 23. Qxc7 Nxc7 24. c4 e5 25. Nb3 Rxd3 26. Rxd3 Rxd3 27.
Bxd3 b6 28. a4 f5 29. f3 Kf7 30. a5 bxa5 31. Nxa5 g5 32. hxg5 hxg5 33. Nc6 Kf6
34. Kf2 f4 35. g4 fxg3+ 36. Kxg3 Bd7 37. Na5 Ne6 38. b4 Nd4 39. Be4 Ne2+ 40.
Kf2 Nd4 41. Ke3 g4 42. fxg4 Bxg4 43. Nc6 Nf5+ 44. Kd3 Nd6 45. Bd5 Bc8 46. c5
Nb5 47. Na5 Nc7 48. Bg2 Bf5+ 49. Ke3 Be6 50. Nc6 Bd5 51. Bxd5 Nxd5+ 52. Ke4
Nc3+ 53. Kd3 Nd5 54. Ke4 1/2-1/2

[Event "MP Reykjavik Open 2011"]
[Site "Reykjavik ISL"]
[Date "2011.03.14"]
[Round "7.12"]
[White "Fier, Alexandr"]
[Black "Berbatov, Kiprian"]
[Result "1-0"]
[WhiteElo "2586"]
[BlackElo "2454"]
[PlyCount "97"]
[EventDate "2011.03.09"]
[EventType "swiss"]
[EventRounds "9"]
[EventCountry "ISL"]
[Source "lmi"]
[SourceDate "2011.03.09"]

1. e4 c5 2. Nf3 d6 3. d4 cxd4 4. Nxd4 Nf6 5. Nc3 a6 6. Be3 e6 7. f3 b5 8. Qd2
Nbd7 9. g4 h6 10. O-O-O b4 11. Na4 Ne5 12. Qxb4 Bd7 13. Bf4 g5 14. Bd2 Be7 15.
h4 gxh4 16. Qb3 Rb8 17. Ba5 Rxb3 18. Bxd8 Rb4 19. Bxe7 Kxe7 20. Nc3 a5 21. a3
Rxd4 22. Rxd4 Nxf3 23. Rd1 Nxg4 24. Be2 Nge5 25. Bxf3 Nxf3 26. Rh3 Ng5 27. Rxh4
Bc6 28. b3 Bb7 29. Kb2 Rc8 30. Rd3 Rh8 31. b4 axb4 32. axb4 h5 33. Kb3 Ba8 34.
b5 e5 35. Kb4 Ne6 36. Nd5+ Bxd5 37. Rxd5 Nf4 38. Rd1 Ng6 39. Rh2 h4 40. c4 h3
41. b6 Nf4 42. Kb5 Ne6 43. Rd3 Rc8 44. Rd5 Rh8 45. b7 Kd7 46. Kb6 Nc5 47. Ka7
Kc7 48. Rxc5+ dxc5 49. Rxh3 1-0